|
|
|
|
| LEADER |
00594nam a22001454a 4500 |
| 008 |
131127n xxu |||gr||||Z||||||eng |
| 100 |
|
|
|a Sokolnikoff, Ivan, S,
|q (Sokolnikoff, Ivan, S).
|
| 245 |
|
|
|a Advanced Calculus
|c Sokolnikoff, Ivan, S
|h Textual Documents
|
| 260 |
|
|
|a New York:
|b McGraw-Hill Book Company,Inc,
|c 1939.
|
| 300 |
|
|
|a X,446p.
|
| 653 |
|
|
|a Limits and Continuity,Rolle`s Theorem,Euler`s Theorem,Mean-Value Theorem
|
| 852 |
|
|
|t 1
|p STA00390
|a S8R1
|b General
|f 00000
|
| 942 |
|
|
|c BK
|
| 999 |
|
|
|c 216781
|d 216781
|
| 952 |
|
|
|0 0
|1 0
|4 0
|7 0
|9 230874
|a STA
|b STA
|d 2019-12-11
|l 0
|p STA00390
|r 2019-12-11
|t 1
|w 2019-12-11
|y BK
|